Moderné manažérske metódy a nástroje vo vybranom podniku bakalárska práca

Salvato in:
Dettagli Bibliografici
Autore principale: Marcinechová, Erika
Ente Autore: Fakulta podnikového manažmentu EU. Katedra manažmentu
Altri autori: Abuladze, Lasha, 1991-
Natura: Libro
Lingua:slovacco
Pubblicazione: Bratislava 2021
Tags: Aggiungi Tag
Nessun Tag, puoi essere il primo ad aggiungerne!!

MARC

LEADER 00000nbm a2200000 4500
001 0275479
005 20211108115008.2
041 0 |a slo 
044 |a SK 
245 1 0 |a Moderné manažérske metódy a nástroje vo vybranom podniku  |b bakalárska práca  |c Erika Marcinechová ; školiteľ: Lasha Abuladze 
264 1 |a Bratislava  |c 2021 
300 |a 40 s. 
100 1 |a Marcinechová, Erika 
700 1 |a Abuladze, Lasha, 1991- 
710 2 |a Fakulta podnikového manažmentu EU. Katedra manažmentu